AQA GCSE science revision guide (Record no. 84318)

MARC details
000 -LEADER
fixed length control field 01380nam a2200253 a 4500
008 - FIXED-LENGTH DATA ELEMENTS--GENERAL INFORMATION
fixed length control field 201113s2012 ||||||||||||||||| || u
020 ## - INTERNATIONAL STANDARD BOOK NUMBER
International Standard Book Number 9780199135844
050 ## - LIBRARY OF CONGRESS CALL NUMBER
Classification number Q 160.2 Bon
100 ## - MAIN ENTRY--PERSONAL NAME
Personal name Brimicombe, Michael
245 10 - TITLE STATEMENT
Title AQA GCSE science revision guide
Statement of responsibility, etc. By Graham Bone; Michael Brimicombe; Simon Broadley; Philippa Gardom- Hulme; Mark Matthews
260 ## - PUBLICATION, DISTRIBUTION, ETC.
Place of publication, distribution, etc. New York
Name of publisher, distributor, etc. Oxford University Press
Date of publication, distribution, etc. 2012
300 ## - PHYSICAL DESCRIPTION
Extent 207 pages: illustrations
650 ## - SUBJECT ADDED ENTRY--TOPICAL TERM
Topical term or geographic name entry element SCIENCE--STUDY AND TEACHING
650 ## - SUBJECT ADDED ENTRY--TOPICAL TERM
Topical term or geographic name entry element SCIENCE--HANDBOOK,MANUALS,ETC
650 #7 - SUBJECT ADDED ENTRY--TOPICAL TERM
Topical term or geographic name entry element SCIENCE
Source of heading or term fast
700 ## - ADDED ENTRY--PERSONAL NAME
Personal name Bone, Graham
700 ## - ADDED ENTRY--PERSONAL NAME
Personal name Gardom - Hulme, Philippa
700 ## - ADDED ENTRY--PERSONAL NAME
Personal name Matthews, Mark
700 ## - ADDED ENTRY--PERSONAL NAME
Personal name Broadley, Simon
995 ## -
-- MAIN LIBRARY OPEN ACCESS
-- 750557
-- CBU-MAIN LIBRARY (Kitwe)
-- 8.84
-- Q 160.2 Bon
-- 4
-- AVAILABLE
-- Dec 10, 2020
-- 750557
-- Main Library Open Access Collection
995 ## -
-- MAIN LIBRARY OPEN ACCESS
-- 750556
-- CBU-MAIN LIBRARY (Kitwe)
-- 8.84
-- Q 160.2 Bon
-- 3
-- AVAILABLE
-- Dec 10, 2020
-- 750556
-- Main Library Open Access Collection
995 ## -
-- MAIN LIBRARY OPEN ACCESS
-- 750555
-- CBU-MAIN LIBRARY (Kitwe)
-- 8.84
-- Q 160.2 Bon
-- 2
-- AVAILABLE
-- Dec 10, 2020
-- 750555
-- Main Library Open Access Collection
995 ## -
-- MEDICAL LIBRARY OPEN ACCESS
-- 905173
-- CBU-SCHOOL OF MEDICINE LIBRARY (Ndola)
-- 40.78
-- Q 160.2 Bon
-- 1
-- AVAILABLE
-- Nov 18, 2020
-- 905173
-- Medical Library Open Access Collection
999 ## -
-- 84318
-- 84318

No items available.